| 000 | 00992nam a2200301 a 4500 | ||
|---|---|---|---|
| 001 | 000014150 | ||
| 005 | 20250218125615.0 | ||
| 008 | 091205s2001 sp 000 f spa d | ||
| 020 | _a8495501074 | ||
| 040 |
_aDO-SdBNP _bspa _cBNPHU |
||
| 041 | 1 | 7 |
_aspa _hpor _2Código de idioma MARC |
| 082 |
_aB869.34 _bS243en, 2001 |
||
| 100 | 1 |
_aSaramago, José, _d1922-2010 _912950 |
|
| 240 | 1 | 0 |
_aEnsaio sobre a cegueira. _lEspañol |
| 245 | 1 | 0 |
_aEnsayo sobre la ceguera / _cJosé Saramago ; traducción de Basilio Losada. |
| 250 | _a7a ed. | ||
| 260 |
_a[Madrid] : _bSuma de Letras, _c2001. |
||
| 300 |
_a439, [7] p. ; _c18 cm. |
||
| 490 | 1 |
_aPunto de lectura _v8/1 |
|
| 586 | _aPremio Nobel de literatura, 1998 | ||
| 534 |
_pTítulo original en portugués: _tEnsaio sobre a cegueira |
||
| 650 | 4 |
_aNovela portuguesa _912951 |
|
| 650 | 4 |
_aLiteratura portuguesa _912952 |
|
| 700 | 1 |
_aLosada, Basilio, _etr. _912953 |
|
| 830 | 0 |
_aPunto de lectura ; _v8/1 _93047 |
|
| 910 | _aWM | ||
| 049 | _aBNGR | ||
| 999 |
_c13752 _d13752 |
||